000 00353 a2200145 4500
001 50107
040 _cAnchieta - Bela Vista
100 _aAnchietinha Itaigara
240 1 0 _aViajando no mundo mágico da leitura
_lpor
245 1 0 _aViajando no mundo mágico da leitura
300 _a29
362 0 _a2014
650 4 _aLiteratura juvenil
942 _cBK
999 _c50107
_d50107